Justice in Middlesex (Record no. 23466)
[ view plain ]
| 000 -LEADER | |
|---|---|
| fixed length control field | 01314nam a2200313Ia 4500 |
| 100 1# - MAIN ENTRY--AUTHOR NAME | |
| Personal name | Bowlt, Eileen M. |
| 245 10 - TITLE STATEMENT | |
| Title | Justice in Middlesex |
| 260 ## - PUBLICATION, DISTRIBUTION, ETC. (IMPRINT) | |
| Place of publication | Winchester : |
| Name of publisher | Waterside Press, |
| Year of publication | c2007. |
| 300 ## - PHYSICAL DESCRIPTION | |
| Number of Pages | 96 p. : |
| Other physical details | ill., maps. |
| 650 #0 - SUBJECT ADDED ENTRY--TOPICAL TERM | |
| Topical Term | Justices of the peace |
| Topical Term | Police magistrates |
| 856 40 - ELECTRONIC LOCATION AND ACCESS | |
| Uniform Resource Identifier | http://site.ebrary.com/lib/rucke/Doc?id=10696163 |
No items available.
